Management Information Systems (Record no. 3664)

MARC details
000 -LEADER
fixed length control field 00338nam a2200145Ia 4500
008 - FIXED-LENGTH DATA ELEMENTS--GENERAL INFORMATION
fixed length control field 191201s2008 xx 000 0 und d
082 ## - DEWEY DECIMAL CLASSIFICATION NUMBER
Classification number 658.4038
Item number JAM
100 ## - MAIN ENTRY--PERSONAL NAME
Personal name JAWADEKAR, Waman S
245 #0 - TITLE STATEMENT
Title Management Information Systems
250 ## - EDITION STATEMENT
Edition statement Rep.
260 ## - PUBLICATION, DISTRIBUTION, ETC. (IMPRINT)
Place of publication, distribution, etc N.Delhi
Name of publisher, distributor, etc TMH
Date of publication, distribution, etc 2008
300 ## - PHYSICAL DESCRIPTION
Extent 786
650 ## - SUBJECT ADDED ENTRY--TOPICAL TERM
Topical term or geographic name as entry element MCA
942 ## - ADDED ENTRY ELEMENTS (KOHA)
Source of classification or shelving scheme Dewey Decimal Classification
Koha item type Text Books
Holdings
Withdrawn status Lost status Source of classification or shelving scheme Damaged status Not for loan Collection code Home library Current library Date acquired Source of acquisition Cost, normal purchase price Bill Number Total Checkouts Full call number Acc. no. / Barcode Date last seen Bill Date Koha item type Date last borrowed
    Dewey Decimal Classification     MCA PIET C-LIBRARY PIET C-LIBRARY 19/12/2008 J B C, New Delhi 350.00 SI-4643   658.4038 JAM 10494 04/12/2019 11/12/2008 Text Books  
    Dewey Decimal Classification     MCA PIET C-LIBRARY PIET C-LIBRARY 19/12/2008 J B C, New Delhi 350.00 SI-4643 1 658.4038 JAM 10495 27/07/2022 11/12/2008 Text Books 19/07/2022
    Dewey Decimal Classification     MCA PIET C-LIBRARY PIET C-LIBRARY 19/12/2008 J B C, New Delhi 350.00 SI-4643 1 658.4038 JAM 10496 27/07/2022 11/12/2008 Text Books 19/07/2022
    Dewey Decimal Classification     MCA PIET C-LIBRARY PIET C-LIBRARY 19/12/2008 J B C, New Delhi 350.00 SI-4643   658.4038 JAM 10497 04/12/2019 11/12/2008 Text Books  

Design & Developed by: PIET Central Library
R70 Miles Stone Pattikalyana Samalkha Panipat 132102
mail ID :- [email protected], Phone No:- 0180-2569700 Ex.216